Tax structure of Wisconsin.

Saved in:
Bibliographic Details
Corporate Author: New York (State). Department of Commerce.
Format: Book
Language:English
Published: Albany : New York State Dept. of Commerce, 1962.
Subjects:
Tags: Add Tag
No Tags, Be the first to tag this record!
LEADER 00578nam a2200193Ia 4500
001 003368942-3
005 20030416161757.0
008 850412s1962 nyu s000 0 eng c
010 |a a 62009417  
035 0 |a ocm64674607 
035 0 |a ocm11913269 
040 |a New York. State Libr.  |c NYG  |d m/c  |d HVL 
245 0 0 |a Tax structure of Wisconsin. 
260 |a Albany :  |b New York State Dept. of Commerce,  |c 1962. 
300 |a 3 l. ;  |c 28 cm. 
650 0 |a Taxation  |z Wisconsin  |x Outlines, syllabi, etc. 
710 1 |a New York (State).  |b Department of Commerce. 
988 |a 20020608 
906 |0 OCLC